| 000 | 00453ntaaa2200181 4500 | ||
|---|---|---|---|
| 003 | 01 | ||
| 005 | 20251027201347.0 | ||
| 008 | 0714s1973 ag 01 | ||
| 040 |
_aAR-BaBN _bspa _cAR-BaBN _eaacr _dRIC |
||
| 082 | _a225.0000 F47 | ||
| 100 |
_aFilson, Floyd V. _99556 |
||
| 245 | _aAbriendo el Neuvo Testamento | ||
| 250 |
_a1 ed. : _bLa Aurora, _cc/958 |
||
| 300 | _a262 p. | ||
| 650 | _aBiblia-Nuevo Testamento | ||
| 650 | _aNuevo Testamento | ||
| 942 | _cBK | ||
| 999 |
_c8124 _d8124 |
||